000 00333nam a2200121Ia 4500
008 240731s9999 xx 000 0 und d
022 _a2375-4753
245 0 _aMéthod(e)s: African Review of Social Sciences Methodology
260 _bRoutledge
856 _uhttps://www.tandfonline.com/loi/rmet20
942 _2ddc
942 _cTFEJ
999 _c78636
_d78636
945 _a1
_bMadushi Gamage
_c1
_dMadushi Gamage